| 000 | 02630cam a22004694i 4500 | ||
|---|---|---|---|
| 003 | PE-LiUPU | ||
| 005 | 20250731165425.0 | ||
| 008 | 160202s2015 pe a grm 000 0 spa d | ||
| 035 | _a(Sirsi) a155866 | ||
| 040 |
_aPE-LiUPU _bspa _cPE-LiUPU _erda |
||
| 099 |
_aTNH 2 _bL46 2013 |
||
| 100 | 1 |
_aLeón Gonzales, Virginia Angélica _eautor |
|
| 245 | 1 |
_aComparación del crecimiento entre niños vegetarianos y omnívoros de 2 a 5 años, Lima-metropolitana 2013 / _cVirginia Angélica León Gonzales. |
|
| 264 | 0 | _c2013. | |
| 300 |
_a74 hojas : _bilustraciones; _c30 cm |
||
| 336 |
_atext _2rdacontent |
||
| 337 |
_aunmediated _2rdamedia |
||
| 338 |
_avolume _2rdacarrier |
||
| 502 |
_aTesis _b(Lic.) -- _cUniversidad Peruana Unión, _d2013. |
||
| 504 | _aIncluye bibliografía | ||
| 520 | 3 | _aEl objetivo del presente estudio fue establecer una comparación entre la dieta vegetariana y omnívora de diferentes grupos de edades; de 2 a 3 años, >3-4años y >4 a 5 años, en una muestra de 120 niños de Lima metropolitana. Se realizó un estudio correlacional de diseño transversal y comparativo. Los instrumentos que se usaron fue una balanza digital marca Soehnie y un tallímetro de madera según las medidas del CENAN. Para el proceso estadístico (llenado de datos, gráficos, cuadros) se usó la planilla de Microsoft Excel 2010. De los niños evaluados en la estatura, solo se encontró diferencia significativa en el grupo de 4 a 5 años de edad entre vegetarianos y omnívoros. En el caso de los pesos no se encontró diferencia significativa en ninguno de los grupos de edad de dichas dietas. Según los parámetros de crecimiento de la OMS, en la dieta omnívora se encontró una baja talla en el grupo de niñas de 3 a 4 años de edad y bajo peso en el grupo de 4 a 5 años. Finalmente, se concluye que la dieta vegetariana está dentro de los rangos de crecimiento (peso y talla) de OMS y por encima de los omnívoros en la talla de niños de 4 a 5 años. | |
| 526 | _aSEG44 | ||
| 526 | _aSEG26 | ||
| 526 | _aP151 | ||
| 526 | _aP150 | ||
| 526 | _aP149 | ||
| 526 | _aP146 | ||
| 526 | _aP145 | ||
| 526 | _aP126 | ||
| 526 | _aP125 | ||
| 526 | _aP92 | ||
| 526 | _aP75 | ||
| 526 | _aP74 | ||
| 526 | _aP27 | ||
| 526 | _aP15 | ||
| 650 | 0 | 4 |
_aNiños _xCrecimiento _xAlimentación _vTesis. |
| 650 | 0 | 4 |
_aNiños _xVegetarianismo _vTesis. |
| 700 | 1 |
_aSalazar Garay, Francisca Elizabeth _eautor |
|
| 596 | _a1 | ||
| 942 |
_2ddc _cTESIS |
||
| 999 |
_aTNH 2 L46 2013 _wALPHANUM _c8542 _iT01542 _lCCODEBUL3 _mBUL _r1 _sY _tTESIS _u2016-2-2 _xSALUD _PP31 _o.STAFF. Tesis _d8542 |
||
| 980 |
_81 _gALBERTO SANCHEZ Responsable de Automatización |
||